Cơ sở lý thuyết xử lý số liệu đo đạc

Guardat en:
Dades bibliogràfiques
Autor principal: Đào, Xuân Lộc
Format: Llibre
Idioma:Undetermined
Publicat: TP.HCM Đại học Quốc gia TP.HCM 2008
Matèries:
Accés en línia:http://lrc.tdmu.edu.vn/opac/search/detail.asp?aID=2&ID=3563
Etiquetes: Afegir etiqueta
Sense etiquetes, Sigues el primer a etiquetar aquest registre!
Thư viện lưu trữ: Trung tâm Học liệu Trường Đại học Thủ Dầu Một
LEADER 00660nam a2200193Ia 4500
001 TDMU_3563
008 210410s9999 xx 000 0 und d
082 |a 624.1 
090 |b D238 
100 |a Đào, Xuân Lộc 
245 0 |a Cơ sở lý thuyết xử lý số liệu đo đạc 
245 0 |c Đào Xuân Lộc 
260 |a TP.HCM 
260 |b Đại học Quốc gia TP.HCM 
260 |c 2008 
300 |a 214tr. 
650 |a Sách đại hcọ-khoa xây dựng; Trắc địa 
856 |u http://lrc.tdmu.edu.vn/opac/search/detail.asp?aID=2&ID=3563 
980 |a Trung tâm Học liệu Trường Đại học Thủ Dầu Một